[Event "Titled Tuesday intern op 07th Feb Late"]
[Site "Chess.com INT"]
[Date "2023.02.07"]
[Round "2"]
[White "Tarhan, Adar"]
[Black "Altun, Arda"]
[Result "1-0"]
[WhiteElo "2296"]
[BlackElo "2218"]
[PlyCount "57"]
[EventDate "2023.02.07"]
[EventType "swiss (blitz)"]
[EventRounds "11"]
[EventCountry "USA"]
[SourceTitle "EXT 2024"]
[Source "ChessBase"]
[SourceDate "2023.10.10"]
[SourceVersion "1"]
[SourceVersionDate "2023.10.10"]
[SourceQuality "1"]

1. d4 d5 2. Nc3 Nf6 3. Bf4 Bf5 4. e3 e6 5. Nb5 Na6 6. c4 c6 7. Nc3 Bd6 8. Bxd6 Qxd6 9. c5 Qb8 10. Bxa6 bxa6 11. Qb3 0-0 12. Nge2 Qc7 13. Qa3 a5 14. b3 Ne4 15. Nxe4 Bxe4 16. 0-0 Rfb8 17. Ng3 Bd3 18. Rfd1 Bg6 19. Ne2 Rb4 20. Nc3 Rab8 21. Qc1 Qb7 22. Rd2 f6 23. Qd1 h6 24. Qg4 Bf7 25. Qg3 Kh8 26. h3 Qe7 27. Rb2 a4 28. Nxa4 Rxa4 29. Qxb8+ 1-0

[Event "Titled Tuesday intern op 31st Jan Late"]
[Site "Chess.com INT"]
[Date "2023.01.31"]
[Round "1"]
[White "Altun, Arda"]
[Black "Avila Pavas, Santiago"]
[Result "0-1"]
[WhiteElo "2218"]
[BlackElo "2513"]
[PlyCount "84"]
[EventDate "2023.01.31"]
[EventType "swiss (blitz)"]
[EventRounds "11"]
[EventCountry "USA"]
[SourceTitle "CBM 212 Extra"]
[Source "ChessBase"]
[SourceDate "2023.03.31"]
[SourceVersion "1"]
[SourceVersionDate "2023.03.31"]
[SourceQuality "1"]

1. e4 Nf6 2. e5 Nd5 3. c4 Nb6 4. d4 d6 5. exd6 cxd6 6. Nc3 g6 7. Be3 Bg7 8. Rc1 0-0 9. b3 e5 10. Nf3 Bg4 11. Be2 Nc6 12. dxe5 dxe5 13. h3 Bxf3 14. Bxf3 f5 15. Bd5+ Nxd5 16. Qxd5+ Kh8 17. 0-0 e4 18. Qxd8 Raxd8 19. Nd5 Rd7 20. g3 b6 21. Kg2 Ne5 22. Rcd1 Nd3 23. Nf4 Rfd8 24. Nd5 Nb4 25. Bg5 Nd3 26. Bxd8 Rxd8 27. f3 Nc5 28. b4 Nd3 29. fxe4 fxe4 30. Rf7 Re8 31. Re7 Rxe7 32. Nxe7 Bc3 33. a3 Bb2 34. Nd5 Bxa3 35. Ra1 Bxb4 36. Nxb4 Nxb4 37. Rxa7 Nc2 38. Kf2 Kg8 39. Rb7 Na3 40. Rc7 Nc2 41. Rc6 e3+ 42. Kf1 e2+ 0-1

[Event "Titled Tuesday intern op 31st Jan Late"]
[Site "Chess.com INT"]
[Date "2023.01.31"]
[Round "3"]
[White "Shapiro, Viktor"]
[Black "Altun, Arda"]
[Result "1-0"]
[WhiteElo "2192"]
[BlackElo "2218"]
[PlyCount "133"]
[EventDate "2023.01.31"]
[EventType "swiss (blitz)"]
[EventRounds "11"]
[EventCountry "USA"]
[SourceTitle "CBM 212 Extra"]
[Source "ChessBase"]
[SourceDate "2023.03.31"]
[SourceVersion "1"]
[SourceVersionDate "2023.03.31"]
[SourceQuality "1"]

1. c4 c6 2. d4 d5 3. Nf3 Nf6 4. Nc3 dxc4 5. a4 Bf5 6. e3 e6 7. Bxc4 Bb4 8. 0-0 0-0 9. Ne2 Nbd7 10. b3 Qe7 11. Bb2 c5 12. Ng3 Bg6 13. Qe2 Rfd8 14. Rad1 a5 15. h4 h6 16. Ne5 Nxe5 17. dxe5 Nd7 18. Qg4 Nb6 19. h5 Bh7 20. Bb5 Rxd1 21. Rxd1 Rd8 22. Rd6 Nc8 23. Ne4 Bxe4 24. Rxd8+ Qxd8 25. Qxe4 Qd1+ 26. Bf1 Qd5 27. Qc2 Nb6 28. Be2 Qd7 29. Bf3 c4 30. bxc4 Nxa4 31. Bd4 Nc5 32. g3 a4 33. Qb1 Nb3 34. Kg2 Nxd4 35. exd4 Bc3 36. d5 a3 37. Qb3 Bb2 38. d6 Bxe5 39. Qxa3 Bxd6 40. Qa8+ Kh7 41. Bxb7 Qc7 42. Be4+ f5 43. Bd3 Qc5 44. Qe8 Qe5 45. Qg6+ Kg8 46. Qe8+ Kh7 47. Qg6+ Kg8 48. c5 Bxc5 49. Bb5 Bxf2 50. Qe8+ Kh7 51. Kxf2 Qd4+ 52. Ke2 Qe4+ 53. Kd2 Qd4+ 54. Kc2 Qf2+ 55. Kb1 Qe1+ 56. Kc2 Qf2+ 57. Kd1 Qg1+ 58. Kd2 Qf2+ 59. Be2 Qxg3 60. Qxe6 Qg5+ 61. Kd3 Qg3+ 62. Kc4 Qf4+ 63. Kc5 Qc1+ 64. Kd6 Qd2+ 65. Ke7 Qg5+ 66. Kf7 Qf4 67. Qg6+ 1-0

[Event "TUR-chT 1st League"]
[Site "Konya"]
[Date "2022.08.28"]
[Round "9.3"]
[White "Ahmadzada, Ahmad Samir"]
[Black "Altun, Arda"]
[Result "1/2-1/2"]
[WhiteElo "2486"]
[BlackElo "2203"]
[PlyCount "147"]
[EventDate "2022.08.22"]
[EventType "team-swiss"]
[EventRounds "9"]
[EventCountry "TUR"]
[SourceTitle "CBM 209 Extra"]
[Source "ChessBase"]
[SourceDate "2022.09.30"]
[SourceVersion "1"]
[SourceVersionDate "2022.09.30"]
[SourceQuality "1"]
[WhiteTeam "Pamukkale Universiteli"]
[BlackTeam "Beyazkale Dernegi"]
[WhiteTeamCountry "TUR"]
[BlackTeamCountry "TUR"]

1. d4 d5 2. Bf4 Nf6 3. Nf3 Bf5 4. e3 e6 5. c4 Bxb1 6. Qxb1 Bb4+ 7. Kd1 Bd6 8. Bg5 Nbd7 9. Qc2 0-0 10. c5 Be7 11. Bd3 c6 12. Ke2 h6 13. Bf4 Nh5 14. b4 Nxf4+ 15. exf4 Qc7 16. g3 b6 17. Rhc1 Rfc8 18. Kf1 a5 19. a3 Ra7 20. Kg2 Bf6 21. h4 Rca8 22. cxb6 Qxb6 23. bxa5 Rxa5 24. Rab1 Qc7 25. Qxc6 Qxc6 26. Rxc6 Rxa3 27. Bc2 g6 28. Rb7 R3a7 29. Rb5 Ra6 30. Rc7 R6a7 31. Rc3 Ra3 32. Rxa3 Rxa3 33. Rb7 Nf8 34. Rc7 Ra8 35. Bd3 Rb8 36. Ne5 Bxe5 37. dxe5 Rd8 38. Bb5 Nh7 39. h5 gxh5 40. Be2 Nf8 41. Bxh5 Rd7 42. Rc6 Kg7 43. Kf1 Ng6 44. Bxg6 Kxg6 45. g4 Re7 46. f3 h5 47. Kf2 hxg4 48. fxg4 f6 49. exf6 Kxf6 50. Kf3 Re8 51. Rc7 Rf8 52. Rd7 Kg6 53. Rd6 Kf7 54. f5 exf5 55. gxf5 Ra8 56. Kf4 d4 57. Kg5 Rg8+ 58. Kf4 Ra8 59. Rxd4 Ra6 60. Kg5 Rb6 61. Rh4 Kg7 62. Rc4 Kf7 63. Rc7+ Kf8 64. Rd7 Ra6 65. Rh7 Kg8 66. Re7 Kf8 67. Re4 Kf7 68. Rb4 Rc6 69. Rb7+ Kf8 70. Rh7 Kg8 71. Re7 Kf8 72. Re6 Rxe6 73. fxe6 Ke7 74. Kf5 1/2-1/2

[Event "TUR-chT 1st League"]
[Site "Konya"]
[Date "2022.08.27"]
[Round "8.4"]
[White "Altun, Arda"]
[Black "Deveci, Huseyin Said"]
[Result "1-0"]
[WhiteElo "2203"]
[BlackElo "2180"]
[PlyCount "79"]
[EventDate "2022.08.22"]
[EventType "team-swiss"]
[EventRounds "9"]
[EventCountry "TUR"]
[SourceTitle "CBM 209 Extra"]
[Source "ChessBase"]
[SourceDate "2022.09.30"]
[SourceVersion "1"]
[SourceVersionDate "2022.09.30"]
[SourceQuality "1"]
[WhiteTeam "Beyazkale Dernegi"]
[BlackTeam "Mavisehir Altyapi"]
[WhiteTeamCountry "TUR"]
[BlackTeamCountry "TUR"]

1. e4 e5 2. Nf3 Nc6 3. Bb5 a6 4. Ba4 Nf6 5. 0-0 Be7 6. Bxc6 dxc6 7. d3 Bg4 8. h3 Bxf3 9. Qxf3 Qd6 10. Nd2 Nd7 11. Nc4 Qe6 12. a4 f6 13. Bd2 h5 14. b4 g5 15. Ne3 0-0-0 16. Rfb1 Rdg8 17. Qf5 Nf8 18. g3 Qxf5 19. Nxf5 Kd7 20. c3 Ne6 21. d4 Bd6 22. Rd1 Ke8 23. Rab1 Nd8 24. Be3 Rh7 25. b5 axb5 26. axb5 cxb5 27. Rxb5 Rd7 28. Rd5 Nf7 29. dxe5 fxe5 30. Bc5 Rg6 31. c4 Rd8 32. Bxd6 cxd6 33. Rb1 Rc8 34. Rxb7 Rxc4 35. Ra5 Rc8 36. Raa7 Nd8 37. Rh7 Kf8 38. Rh8+ Rg8 39. Rxg8+ Kxg8 40. Ne7+ 1-0

[Event "Titled Tuesday intern op 26th Jul Late"]
[Site "Chess.com INT"]
[Date "2022.07.26"]
[Round "1"]
[White "Altun, Arda"]
[Black "Nagy, Gabor"]
[Result "0-1"]
[WhiteElo "2213"]
[BlackElo "2500"]
[PlyCount "60"]
[EventDate "2022.07.26"]
[EventType "swiss (blitz)"]
[EventRounds "11"]
[EventCountry "USA"]
[SourceTitle "EXT 2023"]
[Source "ChessBase"]
[SourceDate "2022.10.05"]
[SourceVersion "1"]
[SourceVersionDate "2022.10.05"]
[SourceQuality "1"]

1. e4 g6 2. d4 Bg7 3. Nc3 d6 4. Be3 a6 5. h4 h5 6. Nh3 Bxh3 7. Rxh3 Nd7 8. f3 Ngf6 9. Qe2 c5 10. 0-0-0 cxd4 11. Bxd4 Rc8 12. Kb1 0-0 13. g4 b5 14. Nd5 Nxd5 15. Bxg7 Nf4 16. Qe3 Kxg7 17. Qxf4 Rc5 18. Rd5 Nf6 19. Rg5 Qc7 20. Bd3 Rh8 21. Rxc5 Qxc5 22. g5 Nd7 23. Rh1 Rc8 24. Qd2 b4 25. Bxa6 Ra8 26. Bd3 Ne5 27. f4 Qa7 28. a3 bxa3 29. b3 Qd4 30. Ka2 Qb2# 0-1

[Event "Titled Tuesday intern op 26th Jul Late"]
[Site "Chess.com INT"]
[Date "2022.07.26"]
[Round "3"]
[White "Altun, Arda"]
[Black "Pfreundt, Jakob"]
[Result "0-1"]
[WhiteElo "2213"]
[BlackElo "2393"]
[PlyCount "78"]
[EventDate "2022.07.26"]
[EventType "swiss (blitz)"]
[EventRounds "11"]
[EventCountry "USA"]
[SourceTitle "EXT 2023"]
[Source "ChessBase"]
[SourceDate "2022.10.05"]
[SourceVersion "1"]
[SourceVersionDate "2022.10.05"]
[SourceQuality "1"]

1. e4 e5 2. Nf3 Nf6 3. Nxe5 d6 4. Nf3 Nxe4 5. c4 g6 6. Nc3 Nxc3 7. bxc3 Bg7 8. d4 0-0 9. Bd3 Re8+ 10. Be3 Nd7 11. 0-0 Nf6 12. h3 b6 13. Qd2 Bb7 14. Nh2 Ne4 15. Qc1 f5 16. f3 Nxc3 17. Bf2 Ne2+ 18. Bxe2 Rxe2 19. Qf4 Qf6 20. a4 Rae8 21. h4 Rxf2 22. Rxf2 Qxd4 23. Qxd4 Bxd4 24. Rd1 Bc5 25. Kf1 Bxf2 26. Kxf2 a5 27. Nf1 Kf7 28. Ne3 Re5 29. Rd4 Bc6 30. g4 fxg4 31. fxg4 Re4 32. Rxe4 Bxe4 33. Nd1 Ke6 34. Ke3 Ke5 35. Nc3 Bc6 36. g5 Kf5 37. Nb5 Bxb5 38. cxb5 Ke5 39. Kd3 d5 0-1

[Event "Titled Tuesday intern op 26th Jul Late"]
[Site "Chess.com INT"]
[Date "2022.07.26"]
[Round "4"]
[White "Levine, David M"]
[Black "Altun, Arda"]
[Result "0-1"]
[WhiteElo "2068"]
[BlackElo "2213"]
[PlyCount "54"]
[EventDate "2022.07.26"]
[EventType "swiss (blitz)"]
[EventRounds "11"]
[EventCountry "USA"]
[SourceTitle "EXT 2023"]
[Source "ChessBase"]
[SourceDate "2022.10.05"]
[SourceVersion "1"]
[SourceVersionDate "2022.10.05"]
[SourceQuality "1"]

1. d4 d5 2. c4 c6 3. Nf3 Nf6 4. Qc2 g6 5. Bf4 dxc4 6. Qxc4 Bg7 7. e3 0-0 8. Nc3 Be6 9. Qe2 Bd5 10. e4 Be6 11. Qc2 Nbd7 12. Ng5 Bg4 13. f3 h6 14. Nxf7 Rxf7 15. fxg4 Nxg4 16. Qd2 Kh7 17. Bg3 e5 18. d5 cxd5 19. Nxd5 Nc5 20. Qe2 h5 21. 0-0-0 Rc8 22. Kb1 Qf8 23. Bh4 Nf2 24. Bxf2 Rxf2 25. Qe3 Bh6 26. Qg3 Nxe4 27. Qxe5 Bg7 0-1

[Event "Titled Tuesday intern op 19th Jul Late"]
[Site "Chess.com INT"]
[Date "2022.07.19"]
[Round "1"]
[White "Fishbein, Alexander"]
[Black "Altun, Arda"]
[Result "1/2-1/2"]
[WhiteElo "2411"]
[BlackElo "2213"]
[PlyCount "80"]
[EventDate "2022.07.19"]
[EventType "swiss (blitz)"]
[EventRounds "11"]
[EventCountry "USA"]
[SourceTitle "EXT 2023"]
[Source "ChessBase"]
[SourceDate "2022.10.05"]
[SourceVersion "1"]
[SourceVersionDate "2022.10.05"]
[SourceQuality "1"]

1. d4 d5 2. c4 c6 3. cxd5 cxd5 4. Bf4 Nc6 5. e3 Nf6 6. Nc3 Bf5 7. Nf3 e6 8. Bb5 Bb4 9. 0-0 0-0 10. Rc1 Rc8 11. a3 Bd6 12. Bxc6 Rxc6 13. Bxd6 Qxd6 14. Ne5 Rcc8 15. Qb3 a6 16. f3 Nd7 17. Qb4 Qxb4 18. axb4 Nxe5 19. dxe5 Rc4 20. b5 a5 21. Ne2 Bd3 22. Rxc4 Bxc4 23. Re1 Bxb5 24. Nd4 Bd7 25. Rc1 Rc8 26. Rxc8+ Bxc8 27. Nb3 b6 28. Kf2 Kf8 29. Ke1 Ke7 30. Kd2 Ba6 31. Kc3 Bf1 32. g3 g5 33. f4 g4 34. Nd4 Kd7 35. b4 axb4+ 36. Kxb4 Bd3 37. Nb3 Kc6 38. Nd4+ Kd7 39. Nb3 Kc6 40. Nd4+ Kd7 1/2-1/2

[Event "Ankara Baskent Univ op-A 5th"]
[Site "Ankara"]
[Date "2022.07.05"]
[Round "6"]
[White "Akbas, Umut Ata"]
[Black "Altun, Arda"]
[Result "1/2-1/2"]
[WhiteElo "2298"]
[BlackElo "2213"]
[PlyCount "107"]
[EventDate "2022.07.02"]
[EventType "swiss"]
[EventRounds "9"]
[EventCountry "TUR"]
[SourceTitle "CBM 209 Extra"]
[Source "ChessBase"]
[SourceDate "2022.09.30"]
[SourceVersion "1"]
[SourceVersionDate "2022.09.30"]
[SourceQuality "1"]

1. e4 c6 2. d4 d5 3. e5 Bf5 4. Nf3 e6 5. Be2 c5 6. 0-0 Nc6 7. c3 Qb6 8. dxc5 Bxc5 9. Nbd2 Bg4 10. Qa4 Nh6 11. Nb3 Bxf3 12. Bxf3 Nf5 13. Bf4 0-0 14. Bg4 Nce7 15. Rad1 Rac8 16. Rd2 Qc7 17. h3 Bb6 18. Bh2 Qc4 19. Qa3 Rfe8 20. Rfd1 Red8 21. Kh1 a5 22. Nc1 a4 23. Nd3 d4 24. Rc1 Ba5 25. cxd4 Bxd2 26. Rxc4 Rxc4 27. Bf4 Rcxd4 28. Bxd2 Rxd3 29. Bc3 b5 30. Be2 R3d7 31. Bxb5 Rb7 32. Qxa4 Nd5 33. Qa5 Rc7 34. Bc6 Nfe7 35. Bxd5 Nxd5 36. Bd4 h6 37. Kh2 Rb8 38. a3 Rc4 39. Qd2 Rd8 40. Ba7 Rdc8 41. b4 Rc3 42. b5 Rxa3 43. b6 Rb3 44. Qa2 Rb4 45. Qa6 Rc6 46. Qa5 g6 47. Qa3 Kg7 48. Qf3 Rbxb6 49. Bxb6 Rxb6 50. Qa3 Rb4 51. Qa7 Re4 52. Qa1 Rb4 53. Qe1 h5 54. Qd2 1/2-1/2

[Event "Ankara Baskent Univ op-A 5th"]
[Site "Ankara"]
[Date "2022.07.03"]
[Round "2"]
[White "Altun, Arda"]
[Black "Atabayev, Saparmyrat"]
[Result "1/2-1/2"]
[WhiteElo "2213"]
[BlackElo "2447"]
[PlyCount "73"]
[EventDate "2022.07.02"]
[EventType "swiss"]
[EventRounds "9"]
[EventCountry "TUR"]
[SourceTitle "CBM 209 Extra"]
[Source "ChessBase"]
[SourceDate "2022.09.30"]
[SourceVersion "1"]
[SourceVersionDate "2022.09.30"]
[SourceQuality "1"]

1. e4 c5 2. Nf3 d6 3. d4 cxd4 4. Nxd4 Nf6 5. Nc3 a6 6. Bg5 Nbd7 7. Qe2 Qa5 8. Bd2 Qb6 9. Nb3 Qc7 10. g4 h6 11. f4 g5 12. fxg5 hxg5 13. Bxg5 Rg8 14. h4 b5 15. Bg2 b4 16. e5 bxc3 17. 0-0-0 Nxe5 18. Bxf6 Bxg4 19. Qe4 Rc8 20. Bxe5 dxe5 21. Kb1 Bxd1 22. Rxd1 Bh6 23. Bh3 Rd8 24. Rxd8+ Qxd8 25. Qc6+ Kf8 26. Qxh6+ Rg7 27. Qh8+ Rg8 28. Qh6+ Rg7 29. Qh8+ Rg8 30. Qh6+ Ke8 31. Qc6+ Kf8 32. Qh6+ Ke8 33. Qc6+ Kf8 34. Qh6+ Rg7 35. Qh8+ Rg8 36. Qh6+ Ke8 37. Qc6+ 1/2-1/2

[Event "Ayvalik Yagmur Gp-A"]
[Site "Ayvalik"]
[Date "2022.04.14"]
[Round "8"]
[White "Altun, Arda"]
[Black "Gurel, Ediz"]
[Result "0-1"]
[WhiteElo "2274"]
[BlackElo "2403"]
[PlyCount "80"]
[EventDate "2022.04.09"]
[EventType "schev"]
[EventRounds "9"]
[EventCountry "TUR"]
[SourceTitle "CBM 207 Extra"]
[Source "ChessBase"]
[SourceDate "2022.05.31"]
[SourceVersion "1"]
[SourceVersionDate "2022.05.31"]
[SourceQuality "1"]
[WhiteTeam "Team B"]
[BlackTeam "Team D"]
[WhiteTeamCountry "TUR"]
[BlackTeamCountry "TUR"]

1. e4 c5 2. Nf3 e6 3. d4 cxd4 4. Nxd4 Nc6 5. Nc3 Qc7 6. Be3 a6 7. Qf3 Nf6 8. 0-0-0 Ne5 9. Qg3 b5 10. f4 Neg4 11. Bg1 b4 12. Na4 h5 13. Bd3 Bb7 14. h3 Nh6 15. Qe3 Rc8 16. Kb1 Be7 17. Bh2 Qa5 18. b3 d5 19. e5 Ne4 20. Bxe4 dxe4 21. f5 Nxf5 22. Nxf5 exf5 23. Nb6 Bc5 24. Nc4 Bxe3 25. Nxa5 Ba8 26. Rhf1 0-0 27. Rxf5 Rcd8 28. Rff1 Rxd1+ 29. Rxd1 Bf2 30. Bg1 e3 31. Bxf2 exf2 32. Rf1 Bxg2 33. Rxf2 Bxh3 34. Nc6 g5 35. Ne7+ Kg7 36. a3 bxa3 37. Rf6 h4 38. c4 Be6 39. Nf5+ Bxf5+ 40. Rxf5 f6 0-1

[Event "Ayvalik Yagmur Gp-A"]
[Site "Ayvalik"]
[Date "2022.04.10"]
[Round "2"]
[White "Altun, Arda"]
[Black "Yilmazyerli, Mert"]
[Result "0-1"]
[WhiteElo "2274"]
[BlackElo "2493"]
[PlyCount "80"]
[EventDate "2022.04.09"]
[EventType "schev"]
[EventRounds "9"]
[EventCountry "TUR"]
[SourceTitle "CBM 207 Extra"]
[Source "ChessBase"]
[SourceDate "2022.05.31"]
[SourceVersion "1"]
[SourceVersionDate "2022.05.31"]
[SourceQuality "1"]
[WhiteTeam "Team B"]
[BlackTeam "Team D"]
[WhiteTeamCountry "TUR"]
[BlackTeamCountry "TUR"]

1. e4 c5 2. Nf3 d6 3. d4 cxd4 4. Nxd4 Nf6 5. Nc3 a6 6. Bg5 Nbd7 7. Qe2 g6 8. 0-0-0 e5 9. Nb3 h6 10. Bh4 Be7 11. Qd2 Kf8 12. Bd3 Kg7 13. Rhf1 Nxe4 14. Bxe4 Bxh4 15. Qxd6 Qb6 16. g3 Qxd6 17. Rxd6 Be7 18. Rd3 Nf6 19. f3 Nxe4 20. fxe4 Bh3 21. Rg1 h5 22. Na5 b5 23. Nc6 Bg5+ 24. Kb1 f6 25. Nd1 Rac8 26. Nf2 Be6 27. Rd6 Bf7 28. Nh3 Be3 29. Rf1 Rhf8 30. b3 Bc5 31. Rdxf6 Bxb3 32. Rxf8 Bxc2+ 33. Kb2 Bxf8 34. Nxe5 Bxe4 35. Ng5 Bf5 36. h3 Rc2+ 37. Kb3 Re2 38. Nef3 Re3+ 39. Kb2 Ba3+ 40. Ka1 Re2 0-1

[Event "Ayvalik Petro Gp-A"]
[Site "Ayvalik"]
[Date "2022.02.26"]
[Round "8"]
[White "Altun, Arda"]
[Black "Mirzoev, Azer"]
[Result "0-1"]
[WhiteElo "2297"]
[BlackElo "2468"]
[PlyCount "82"]
[EventDate "2022.02.21"]
[EventType "schev"]
[EventRounds "9"]
[EventCountry "TUR"]
[SourceTitle "CBM 207 Extra"]
[Source "ChessBase"]
[SourceDate "2022.05.31"]
[SourceVersion "1"]
[SourceVersionDate "2022.05.31"]
[SourceQuality "1"]
[WhiteTeam "Team B"]
[BlackTeam "Team D"]
[WhiteTeamCountry "TUR"]
[BlackTeamCountry "TUR"]

1. e4 c6 2. Nf3 d5 3. d3 dxe4 4. dxe4 Qxd1+ 5. Kxd1 Nf6 6. Nbd2 Ng4 7. Ke1 g6 8. h3 Nf6 9. Bd3 Bg7 10. a4 0-0 11. a5 c5 12. e5 Nd5 13. Nb3 Nd7 14. Be4 e6 15. c4 Nb4 16. Be3 Na6 17. Ke2 f5 18. exf6 Nxf6 19. Bd3 b6 20. Ng5 Bd7 21. Rhd1 Nb4 22. Be4 Nxe4 23. Rxd7 Nxg5 24. Bxg5 Bxb2 25. Rad1 Nc6 26. Rc7 Rfc8 27. Rb7 bxa5 28. Rdd7 Rab8 29. Nxc5 Rxb7 30. Rxb7 Be5 31. f4 Bg7 32. Ne4 Rb8 33. Rc7 Nd4+ 34. Kf2 Rf8 35. Be7 Rxf4+ 36. Ke3 Be5 37. Rc8+ Kg7 38. Bg5 Rf5 39. Ra8 Rf7 40. Rd8 h6 41. Bh4 Nf5+ 0-1

[Event "Ayvalik Petro Gp-A"]
[Site "Ayvalik"]
[Date "2022.02.24"]
[Round "5"]
[White "Vorobiov, Evgeny E"]
[Black "Altun, Arda"]
[Result "1/2-1/2"]
[WhiteElo "2537"]
[BlackElo "2297"]
[PlyCount "136"]
[EventDate "2022.02.21"]
[EventType "schev"]
[EventRounds "9"]
[EventCountry "TUR"]
[SourceTitle "CBM 207 Extra"]
[Source "ChessBase"]
[SourceDate "2022.05.31"]
[SourceVersion "1"]
[SourceVersionDate "2022.05.31"]
[SourceQuality "1"]
[WhiteTeam "Team D"]
[BlackTeam "Team B"]
[WhiteTeamCountry "TUR"]
[BlackTeamCountry "TUR"]

1. d4 d5 2. c4 c6 3. Nc3 Nf6 4. e3 Bf5 5. cxd5 cxd5 6. Qb3 Nc6 7. Qxb7 Bd7 8. Qb3 Rb8 9. Qd1 e5 10. dxe5 Nxe5 11. Nge2 Bc5 12. Nd4 Ne4 13. Nb3 Bg4 14. Qxd5 Qxd5 15. Nxd5 Rd8 16. Nc7+ Ke7 17. Be2 Nd3+ 18. Kf1 Bb6 19. Nb5 Ndxf2 20. Rg1 h5 21. N3d4 Rh6 22. Bf3 a6 23. Nc3 Rf6 24. Ke2 Bxd4 25. exd4 Re6 26. Be3 Rb8 27. Rab1 Bf5 28. Nd5+ Kd8 29. Rgc1 Ng4 30. Bf4 Nd6+ 31. Kd2 Bxb1 32. Rxb1 Rc8 33. b3 Ne4+ 34. Bxe4 Rxe4 35. Be3 Nxe3 36. Nxe3 Rxd4+ 37. Ke2 g6 38. Nc4 Ke7 39. Ke3 Rcd8 40. Rc1 Rd3+ 41. Ke2 R3d5 42. Rc2 f5 43. h4 Kf6 44. g3 Rd3 45. Ne3 R3d4 46. Ng2 R8d6 47. Nf4 a5 48. a4 g5 49. hxg5+ Kxg5 50. Rc8 h4 51. Rg8+ Kf6 52. Rf8+ Ke5 53. Re8+ Kf6 54. Rf8+ Ke7 55. Rxf5 hxg3 56. Ke3 Rxf4 57. Rxf4 Rg6 58. Rf1 Kd6 59. Rc1 Kd5 60. Kf3 g2 61. Kf2 Kd4 62. Kg1 Rg5 63. Rc4+ Kd3 64. Rc8 Kd2 65. Rb8 Kc3 66. Rb5 Rg4 67. Rxa5 Kxb3 68. Ra8 Rxa4 1/2-1/2

[Event "Ayvalik Petro Gp-A"]
[Site "Ayvalik"]
[Date "2022.02.22"]
[Round "2"]
[White "Altun, Arda"]
[Black "Kotronias, Vasilios"]
[Result "0-1"]
[WhiteElo "2297"]
[BlackElo "2492"]
[PlyCount "54"]
[EventDate "2022.02.21"]
[EventType "schev"]
[EventRounds "9"]
[EventCountry "TUR"]
[SourceTitle "CBM 207 Extra"]
[Source "ChessBase"]
[SourceDate "2022.05.31"]
[SourceVersion "1"]
[SourceVersionDate "2022.05.31"]
[SourceQuality "1"]
[WhiteTeam "Team B"]
[BlackTeam "Team D"]
[WhiteTeamCountry "TUR"]
[BlackTeamCountry "TUR"]

1. e4 Nc6 2. d4 d5 3. e5 Bf5 4. Ne2 Qd7 5. Ng3 Bg6 6. c3 e6 7. h4 f6 8. f4 h5 9. Be2 0-0-0 10. Be3 Nh6 11. Nxh5 Nf5 12. Bf2 Qf7 13. g4 Bxh5 14. gxh5 g6 15. hxg6 Qxg6 16. h5 Qh6 17. Qd2 Rg8 18. Rh3 Be7 19. exf6 Bd6 20. Qd3 Bxf4 21. Nd2 Qxf6 22. 0-0-0 e5 23. dxe5 Nxe5 24. Qb5 Rg2 25. Bxa7 Nc4 26. Rf3 Bxd2+ 27. Rxd2 Qg5 0-1

[Event "Ayvalik Plati"]
[Site "Ayvalik"]
[Date "2022.02.04"]
[Round "8"]
[White "Solodovnichenko, Yuri"]
[Black "Altun, Arda"]
[Result "1-0"]
[WhiteElo "2561"]
[BlackElo "2297"]
[PlyCount "93"]
[EventDate "2022.01.30"]
[EventType "schev"]
[EventRounds "9"]
[EventCountry "TUR"]
[SourceTitle "CBM 206 Extra"]
[Source "ChessBase"]
[SourceDate "2022.03.31"]
[SourceVersion "1"]
[SourceVersionDate "2022.03.31"]
[SourceQuality "1"]
[WhiteTeam "Team 1"]
[BlackTeam "Team 4"]
[WhiteTeamCountry "TUR"]
[BlackTeamCountry "TUR"]

1. g3 d5 2. Bg2 Nf6 3. d3 c6 4. b3 e5 5. Bb2 Bd6 6. Nf3 Qe7 7. 0-0 0-0 8. e3 h6 9. c4 Bf5 10. Nc3 Nbd7 11. cxd5 cxd5 12. Nb5 Bb4 13. Nc7 Rac8 14. Nh4 Rxc7 15. Nxf5 Qe6 16. Bh3 Kh7 17. Kg2 Qa6 18. a3 Bc3 19. Bxc3 Rxc3 20. d4 e4 21. Nxg7 Kxg7 22. Bxd7 Qd3 23. Bf5 Qxd1 24. Rfxd1 Rxb3 25. Rab1 Rxb1 26. Rxb1 Rb8 27. a4 b6 28. Rc1 Rb7 29. Bc8 Re7 30. Ba6 Kf8 31. Bb5 a5 32. Rc8+ Kg7 33. Kh3 Kg6 34. Kh4 Re6 35. g4 Rd6 36. h3 Nh7 37. Rg8+ Kf6 38. Kh5 Ng5 39. h4 Nf3 40. Kxh6 Nxh4 41. Kh5 Nf3 42. g5+ Ke6 43. Re8+ Kf5 44. Bf1 Nxg5 45. Re5+ Kf6 46. Rxg5 Rd8 47. Kg4 1-0

[Event "Ayvalik Plati"]
[Site "Ayvalik"]
[Date "2022.01.31"]
[Round "2"]
[White "Kotronias, Vasilios"]
[Black "Altun, Arda"]
[Result "0-1"]
[WhiteElo "2485"]
[BlackElo "2297"]
[PlyCount "60"]
[EventDate "2022.01.30"]
[EventType "schev"]
[EventRounds "9"]
[EventCountry "TUR"]
[SourceTitle "CBM 206 Extra"]
[Source "ChessBase"]
[SourceDate "2022.03.31"]
[SourceVersion "1"]
[SourceVersionDate "2022.03.31"]
[SourceQuality "1"]
[WhiteTeam "Team 1"]
[BlackTeam "Team 4"]
[WhiteTeamCountry "TUR"]
[BlackTeamCountry "TUR"]

1. e4 c6 2. d4 d5 3. e5 Bf5 4. h4 h5 5. Bd3 Bxd3 6. Qxd3 e6 7. Bg5 Be7 8. Nf3 Nh6 9. Nc3 Nd7 10. 0-0-0 Nf5 11. Kb1 a6 12. Ne2 b5 13. Ng3 g6 14. Nxf5 gxf5 15. Qc3 c5 16. dxc5 Nxc5 17. Bxe7 Qxe7 18. Nd4 Qa7 19. b4 Ne4 20. Qc6+ Kf8 21. Nxf5 exf5 22. Rxd5 Kg7 23. Rd7 Qxf2 24. Qc7 Rhf8 25. e6 Rac8 26. Qe5+ Kg6 27. Rc1 f6 28. Qb2 Qe3 29. Rd3 Nc3+ 30. Ka1 Qe5 0-1

[Event "Ayvalik Plati"]
[Site "Ayvalik"]
[Date "2022.01.30"]
[Round "1"]
[White "Annaberdiev, Meilis"]
[Black "Altun, Arda"]
[Result "1-0"]
[WhiteElo "2503"]
[BlackElo "2297"]
[PlyCount "69"]
[EventDate "2022.01.30"]
[EventType "schev"]
[EventRounds "9"]
[EventCountry "TUR"]
[SourceTitle "CBM 206 Extra"]
[Source "ChessBase"]
[SourceDate "2022.03.31"]
[SourceVersion "1"]
[SourceVersionDate "2022.03.31"]
[SourceQuality "1"]
[WhiteTeam "Team 2"]
[BlackTeam "Team 4"]
[WhiteTeamCountry "TUR"]
[BlackTeamCountry "TUR"]

1. e4 c6 2. Nf3 d5 3. d3 g6 4. e5 Bg7 5. d4 Bg4 6. Be2 f6 7. exf6 exf6 8. 0-0 Ne7 9. c4 0-0 10. Nc3 dxc4 11. Bxc4+ Kh8 12. h3 Bxf3 13. Qxf3 Nd7 14. Bb3 Nb6 15. Rd1 Ned5 16. Bf4 Qd7 17. Nxd5 Nxd5 18. Bxd5 Qxd5 19. Qxd5 cxd5 20. Rac1 Rac8 21. Rc5 Rfd8 22. Rdc1 Rxc5 23. Rxc5 f5 24. Be5 Bxe5 25. dxe5 Rd7 26. Kf1 Kg7 27. Ke2 Kf7 28. Kd3 d4 29. f4 Ke6 30. h4 h6 31. Rc4 g5 32. Rxd4 gxf4 33. Rxd7 Kxd7 34. Kd4 Ke6 35. h5 1-0